000 01241cam a2200277 4500
008 020125n2002 000 0 eng u
020 _i0471496162
035 _a(Sirsi) u116482
041 _aeng.
050 _a333.70285
_c18
100 _aFotherington, S.
245 _aGeographically weighted regression the analysis of spatially varying relationships
260 _aChichester
_bWiley
_c2002
300 _axii, 269p.
_bill.
_c26cm.
350 _a50.00
520 _aContains a broad discussion of local models in general and of the details of Geographically Weighted Regression (GWR), and provides many empirical examples on such issues as house price determinants, educational attainment levels and school performance statistics. Reveals how traditional methods of statistics can be extended to show the importance of place. The text should serve as a useful resource for quantitative spatial analysts and GIS researchers and students.
650 _aSPATIAL ANALYSIS
650 _aSPATIAL DATA
650 _aMODELLING
650 _aGEOGRAPHICALLY WEIGHTED REGRESSION
650 _aSTATISTICAL TECHNIQUES
690 _aMAPPING AND MEASUREMENT-GIS
700 _aBrundson, C.
700 _aCharlton, M.
942 _n0
999 _c101865
_d101865